000
00372nam a2200145Ia 4500
008
191206s9999 xx 000 0 und d
020
_a
0881623040 :
090
_a
TT270.B37
245
0
_a
Stencilling
260
_a
Salem House
260
_b
[Living style]
260
_c
cc1987
300
_a
78 p. : ill. (some col.) ; 22 x 23 cm.
999
_c
16959
_d
16959